Pasangan impian : Panduan & bimbingan kekeluargaan

Bibliographic Details
Corporate Author: Title
Other Authors: Jauhar Isnani
Format: Book
Published: Selangor : Pustaka Ilmi , 2000
Subjects:

MARC

LEADER 00000cam a2200000 7i4500
001 0000012948
005 20080104.0
008 080104
020 |a 9830981584 
090 0 0 |a 297.577   |b PAS 
245 1 0 |a Pasangan impian :   |b Panduan & bimbingan kekeluargaan   |c penyusun Jauhar Isnani 
260 |a Selangor :   |b Pustaka Ilmi ,   |c 2000 
650 0 |a Family   |x Religious aspects   |x Islam 
650 0 |a Husband and wife   |x Relegious life 
700 0 |a Jauhar Isnani 
710 0 |a Title 
999 |a 0001009085   |b Book   |c Adult Collection   |e Perbadanan Perpustakaan Awam Johor